<?xml version="1.0" encoding="UTF-8"?>
<record
    xmlns:xsi="http://www.w3.org/2001/XMLSchema-instance"
    xsi:schemaLocation="http://www.loc.gov/MARC21/slim http://www.loc.gov/standards/marcxml/schema/MARC21slim.xsd"
    xmlns="http://www.loc.gov/MARC21/slim">

  <leader>00981cam a22002771  4500</leader>
  <controlfield tag="001">sa 68000314 </controlfield>
  <controlfield tag="003">DLC</controlfield>
  <controlfield tag="005">20260227112422.0</controlfield>
  <controlfield tag="008">900209s1967    ii            000 0 sano </controlfield>
  <datafield tag="010" ind1=" " ind2=" ">
    <subfield code="a">sa 68000314 </subfield>
  </datafield>
  <datafield tag="035" ind1=" " ind2=" ">
    <subfield code="a">(OCoLC)21028006</subfield>
  </datafield>
  <datafield tag="040" ind1=" " ind2=" ">
    <subfield code="a">DLC</subfield>
    <subfield code="c">WaU</subfield>
    <subfield code="d">DLC</subfield>
  </datafield>
  <datafield tag="050" ind1="0" ind2="0">
    <subfield code="a">PK531</subfield>
    <subfield code="b">.A1 1967</subfield>
  </datafield>
  <datafield tag="100" ind1="0" ind2=" ">
    <subfield code="a">Pata&#xF1;jali.</subfield>
  </datafield>
  <datafield tag="245" ind1="1" ind2="0">
    <subfield code="a">&#x15A;r&#x12B;madbhagavatpata&#xF1;jalimahar&#x1E63;ipra&#x1E47;&#x12B;te Vy&#x101;kara&#x1E47;amah&#x101;bh&#x101;&#x1E63;ye prathama&#x1E25;-[tr&#x325;t&#x12B;ya&#x1E25;] kha&#x1E47;&#x1E0D;a&#x1E25;.</subfield>
  </datafield>
  <datafield tag="260" ind1=" " ind2=" ">
    <subfield code="c">[1967]</subfield>
  </datafield>
  <datafield tag="300" ind1=" " ind2=" ">
    <subfield code="a">3 v.</subfield>
    <subfield code="c">23 cm.</subfield>
  </datafield>
  <datafield tag="500" ind1=" " ind2=" ">
    <subfield code="a">In Sanskrit.</subfield>
  </datafield>
  <datafield tag="500" ind1=" " ind2=" ">
    <subfield code="a">"Published under the auspices of the Govt. of India."</subfield>
  </datafield>
  <datafield tag="650" ind1=" " ind2="0">
    <subfield code="a">Sanskrit language</subfield>
    <subfield code="x">Grammar.</subfield>
  </datafield>
  <datafield tag="700" ind1="0" ind2=" ">
    <subfield code="a">P&#x101;&#x1E47;ini.</subfield>
    <subfield code="t">A&#x1E63;&#x1E6D;&#x101;dhy&#x101;y&#x12B;.</subfield>
  </datafield>
  <datafield tag="700" ind1="0" ind2=" ">
    <subfield code="a">Kaiya&#x1E6D;a.</subfield>
    <subfield code="t">Prad&#x12B;pa.</subfield>
  </datafield>
  <datafield tag="700" ind1="0" ind2="2">
    <subfield code="a">N&#x101;ge&#x15B;abha&#x1E6D;&#x1E6D;a,</subfield>
    <subfield code="d">active 1670-1750.</subfield>
    <subfield code="t">Bh&#x101;syaprad&#x12B;poddyota.</subfield>
  </datafield>
  <datafield tag="700" ind1="0" ind2="2">
    <subfield code="a">Vaidyan&#x101;tha P&#x101;yagu&#x1E47;&#x1E0D;e,</subfield>
    <subfield code="d">active 18th century.</subfield>
    <subfield code="t">Ch&#x101;y&#x101;.</subfield>
  </datafield>
  <datafield tag="740" ind1="0" ind2=" ">
    <subfield code="a">Vy&#x101;kara&#x1E47;amah&#x101;bh&#x101;&#x1E63;ye prathama&#x1E25;-[tr&#x325;t&#x12B;ya&#x1E25;] kha&#x1E47;&#x1E0D;a&#x1E25;.</subfield>
  </datafield>
  <datafield tag="999" ind1=" " ind2=" ">
    <subfield code="c">77117</subfield>
    <subfield code="d">77117</subfield>
  </datafield>
</record>
